Subdivision capitals closest to Harkiv (UA) - Statistics

General Stats
  • This quiz has been taken 8 times
  • The average score is 9 of 20
Answer Stats
Distance (km) Answer % Correct
4 190 Dnjipro
100%
6 248 Donjeck
100%
17 410 Kijiv
100%
16 401 Rostov na Donu
100%
18 454 Homel
67%
8 273 Luhansk
67%
1 72 Belgorod
33%
14 385 Brijansk
33%
10 306 Čerkasi
33%
15 385 Černjihiv
33%
20 459 Herson
33%
12 331 Kropivnjickij
33%
5 193 Kursk
33%
19 458 Mikolajiv
33%
2 129 Poltava
33%
3 144 Sumi
33%
9 279 Voronjež
33%
7 252 Zaporižja
33%
13 373 Lipeck
0%
11 331 Orel
0%
No matching quizzes found
Score Distribution
Percent of People with Each Score
Percentile by Number Answered
Your Score History
You have not taken this quiz